Organizational behavior and management : (Record no. 10527)
[ view plain ]
| 000 -LEADER | |
|---|---|
| fixed length control field | 00605cam a22001694a 4500 |
| 020 ## - ISBN | |
| International Standard Book Number | 0324013302 |
| 050 00 - LIBRARY OF CONGRESS CALL NUMBER | |
| Classification Number | HD58.7 |
| Item Number | .A42 2002 |
| 100 1# - MAIN ENTRY--Author | |
| Personal name | Aldag, Ramon J., |
| Dates associated with a name | 1945- |
| 245 10 - TITLE | |
| Title | Organizational behavior and management : |
| Remainder of title | an integrated skills approach / |
| Statement of responsibility, etc | Ramon J. Aldag, Loren W. Kuzuhara. |
| 250 ## - EDITIONSTATEMENT | |
| Edition statement | 1st ed. |
| 260 ## - PUBLICATION, DISTRIBUTION, ETC.(IMPRINT) | |
| Place of publication, distribution, etc | Australia ; |
| -- | Eagan, MN : |
| Name of publisher, distributor, etc | South-Western/Thomson Learning, |
| Date of publication, distribution, etc | c2002. |
| 300 ## - PHYSICAL DESCRIPTION | |
| Extent | xix, 668 p. : |
| 500 ## - GENERALNOTE | |
| General note | Includes bibliographic references and index. |
| 650 ## - SUBJECT--TOPIC | |
| General subdivision | Organizational behavior ; |
| -- | Industrial management. |
| 700 1# - ADDED ENTRY--PERSONAL AUTHOR | |
| Personal Name | Kuzuhara, Loren W. |
| 942 ## - ADDED ENTRY ELEMENTS(KOHA) | |
| Source of classification or shelving scheme | Library of Congress Classification |
| Koha item type | General circulation |
| Source of classification or shelving scheme | Not for loan | Location (home branch) | Sublocation (holding branch) | Shelving location | Date accessioned | Cost, normal purchase price | Full call number | Barcode | Cost, replacement price | Nonpublic note | Koha item type | Public note |
|---|---|---|---|---|---|---|---|---|---|---|---|---|
| Library of Congress Classification | Mtito Andei Centre Library | Mtito Andei Centre Library | 06/02/2016 | 19195.00 | HD58.7 .A42 2002 | 2015/008753 | 21114.00 | Nzk | General circulation | Nzk |